Statystyki dla I wojna światowa - quiz wielokrotnego wyboru

Kliknij tutaj aby rozwiązać quiz!

Ogólne statystyki

  • Ten quiz został rozwiązany 1 266 razy
    (1 251 od ostatniego zresetowania)
  • Średni wynik to 10 z 16

Statystyki odpowiedzi

ZagadnienieOdpowiedź% Poprawnych
Jaki był główny powód wojny?austriackie ultimatum w stronę Serbii
89%
Kto wygrał I wojnę światową?Ententa
87%
Jak prowadzono działania wojenne na froncie zachodnim?wojna pozycyjna
84%
Kiedy wojna się zakończyła?11 listopada 1918
81%
Kto zabił Franciszka Ferdynada?Gavrilo Princip
80%
Kto był przywódcą Niemiec?Wilhelm II
76%
Najcięższy niemiecki możdzierz I wojny światowej to?Gruba Berta
70%
Kiedy rozpoczęła się wojna?28 lipca 1914
66%
Niemcy podpisali rozejm w Compiègne w?wagonie kolejowym
60%
Która z tych osób nie dożyła końca I wojny światowej?Alfred von Schlieffen
59%
Prawda czy fałsz. Państwa centralne zdobyły jakąkolwiek stolicę państwa, która była po stronie ententy.Prawda
59%
Z jaką organizacją był związany zabójca Franciszka Ferdynanda?Czarna ręka
58%
Po kogo stronie była Japonia?Ententa
58%
Jakie nowe rodzaje broni pojawiły się podczas I wojny światowej?Czołgi, samoloty, karabiny maszynowe, gazy bojowe, lotniskowiec
46%
Nazwa długolufowego działa kolejowego, z którego Cesarstwo Niemieckie ostrzeliwało Paryż to?Długi Maks
17%
Kto i kogo jako pierwszy zaatakował?Niemcy Francję
12%

Rozkład punktacji

Percentyl według liczby udzielonych odpowiedzi

Procent ludzi z każdym wynikiem

Twoja historia wyników

Nie rozwiązałeś tego quizu od ostatniego zresetowania